[Event "Bad Lauterberg"]
[Site "Bad Lauterberg"]
[Date "1977.??.??"]
[Round "3"]
[White "Gerusel, Mathias"]
[Black "Sosonko, Gennadi"]
[Result "0-1"]
[WhiteElo "2420"]
[BlackElo "2530"]

1.c4 Nf6 2.Nc3 e6 3.Nf3 Bb4 4.d4 c5 5.Bd2 cxd4 6.Nxd4 Nc6 7.e3 O-O 8.Be2 d5
9.cxd5 exd5 10.O-O Bd6 11.Ncb5 Bb8 12.Nf3 Ne4 13.Rc1 a6 14.Nbd4 Qd6 15.Bc3 Re8
16.Qa4 Bd7 17.Qb3 Nxd4 18.exd4 Nxc3 19.Rxc3 Rxe2 20.Ne5 b5 21.Qd1 Re4 22.Qh5 g6
23.Qh6 Rxd4 24.f4 Ba7 25.Kh1 Re8 26.h3 Re4 27.Nxf7 Qf8 28.Rc7 Qxf7 29.Rxa7 Re1
30.Rxe1 Rxe1+ 31.Kh2 Re8 32.Rxa6 Bf5 33.Rb6 Qd7 34.Qg5 d4 35.Qf6 Rd8 36.Rb7 Rf8
37.Rxd7 Rxf6 38.Rxd4 Ra6 39.a3 Ra4 40.Rd5 b4 41.Rd4 bxa3  0-1

[Event "Tungsram"]
[Site "Budapest"]
[Date "1977.??.??"]
[Round "?"]
[White "Blackstock, Lesly SF"]
[Black "Ornstein, Axel"]
[Result "1-0"]
[WhiteElo "2410"]
[BlackElo "2440"]

1.d4 Nf6 2.c4 e6 3.Nc3 Bb4 4.Nf3 c5 5.e3 Nc6 6.Bd3 d5 7.O-O O-O 8.a3 Bxc3
9.bxc3 Qc7 10.cxd5 exd5 11.Nh4 Ne7 12.a4 c4 13.Bb1 Ng6 14.Nf5 Ne4 15.Bxe4 dxe4
16.Qh5 Be6 17.f3 exf3 18.Qxf3 Bxf5 19.Qxf5 Ne7 20.Qf3 f5 21.Ba3 Rae8 22.e4 fxe4
23.Qxe4 Rxf1+ 24.Rxf1 Qc6 25.Qf4 Qe6 26.d5 Qb6+ 27.Kh1 Qf6 28.Qxc4 Rc8 29.Qxc8+ Nxc8
30.Rxf6 gxf6 31.Bc5 Kf7 32.Kg1 b6 33.Ba3 b5 34.axb5 Nb6 35.Bc5  1-0

[Event "SVK-ch"]
[Site "Detva"]
[Date "1977.??.??"]
[Round "1"]
[White "Husek, Zdenek"]
[Black "Petrik, Stanislav"]
[Result "0-1"]
[WhiteElo "2140"]
[BlackElo "2145"]

1.d4 Nf6 2.c4 e6 3.Nc3 Bb4 4.Nf3 c5 5.e3 O-O 6.Bd3 Nc6 7.O-O Bxc3 8.bxc3 d6
9.e4 e5 10.d5 Ne7 11.Nh4 h6 12.f4 exf4 13.Bxf4 Ng4 14.Nf5 Ne5 15.Bxe5 dxe5
16.Rb1 b6 17.Qg4 Bxf5 18.exf5 f6 19.Rf3 Nc8 20.Rh3 Kh8 21.Re1 Nd6 22.Ree3 Qd7
23.Qg6 Rae8 24.Rh4 Nf7 25.Rg3 Ng5 26.Rxg5 fxg5 27.f6 e4 28.Rxe4 gxf6 29.Rxe8 Rxe8
30.Qxh6+ Kg8 31.Qg6+ Kf8 32.Bf5 Qg7 33.Qh5 Re5 34.Be6 Ke7 35.Qf3 Qg6 36.h3 Re1+
37.Kh2 Qe4  0-1

[Event "DDR-ch (Women)"]
[Site "Frankfurt/Oder"]
[Date "1977.??.??"]
[Round "2"]
[White "Janssen, Lieselotte"]
[Black "Tornack, Petra"]
[Result "1-0"]
[WhiteElo "1900"]
[BlackElo "1820"]

1.d4 Nf6 2.c4 e6 3.Nc3 Bb4 4.Nf3 c5 5.a3 Bxc3+ 6.bxc3 O-O 7.e3 d6 8.Bd3 Nbd7
9.O-O b6 10.Qe2 Bb7 11.e4 d5 12.cxd5 exd5 13.e5 Re8 14.Qc2 Ne4 15.Bxe4 dxe4
16.Ng5 cxd4 17.cxd4 Rc8 18.Qe2 Rxc1 19.Rfxc1 Qxg5 20.Rc7 Nc5 21.Qa2 Re7 22.Rxe7 Qxe7
23.dxc5 Qxe5 24.cxb6 Bd5 25.Rd1  1-0

[Event "URS-ch45"]
[Site "Leningrad"]
[Date "1977.??.??"]
[Round "?"]
[White "Balashov, Yuri S"]
[Black "Kuzmin, Gennadi P"]
[Result "1/2-1/2"]
[WhiteElo "2565"]
[BlackElo "2550"]

1.d4 Nf6 2.c4 e6 3.Nc3 Bb4 4.Nf3 O-O 5.Bg5 c5 6.e3 d6 7.Bd3 cxd4 8.exd4 h6
9.Bxf6 Qxf6 10.O-O Bxc3 11.bxc3 Nc6 12.Nd2 d5 13.Re1 Bd7 14.Re3 b6 15.Nf3 dxc4
16.Bxc4 Rac8 17.Qe2 Rc7 18.Re1 Bc8 19.Bd3 Bb7 20.Be4 Rd8 21.h3 Qf4 22.Nd2 Ne7
23.Rf3 Qg5 24.Rg3 Qa5 25.Nb3 Qa3 26.Qg4 g6 27.Bb1 Qd6 28.Nd2 Rdc8 29.Be4 f5
30.Qh4 fxe4 31.Qxh6 Rxc3 32.Nf3 exf3 33.Rxg6+ Nxg6 34.Qxg6+ Kf8 35.Qf6+ Kg8
36.Qg6+ Kf8 37.Qf6+  1/2-1/2

[Event "Lord John Cup"]
[Site "London"]
[Date "1977.??.??"]
[Round "5"]
[White "Blackstock, Lesly SF"]
[Black "Stean, Michael"]
[Result "0-1"]
[WhiteElo "2410"]
[BlackElo "2485"]

1.d4 Nf6 2.c4 e6 3.Nc3 Bb4 4.Nf3 c5 5.e3 O-O 6.Bd3 d5 7.O-O dxc4 8.Bxc4 Nbd7
9.Qe2 b6 10.Rd1 cxd4 11.exd4 Bb7 12.Bd3 Nd5 13.Bd2 Nxc3 14.bxc3 Be7 15.c4 Bf6
16.Be3 Qe7 17.Rac1 Rac8 18.Nd2 e5 19.d5 g6 20.Ne4 Bg7 21.g4 f5 22.Bg5 Qa3
23.gxf5 gxf5 24.Ng3 e4 25.Bb1 Ne5 26.Kh1 Rxc4 27.Rxc4 Nxc4 28.Nh5 Be5 29.Bc1 Qf3+
30.Qxf3 exf3 31.Ng3 f4 32.Ne4 Rd8 33.d6 Nxd6 34.Nxd6 Rxd6 35.Rxd6 Bxd6 36.Bd3 Bd5
37.a3 h5 38.Kg1 Kf7 39.Kf1 Ke6 40.Ke1 Bc5 41.Bb2 Bc6 42.Bg6 h4 43.Bh7 b5
44.Bb1 Bd5 45.Bc2 a5 46.Bc3 a4 47.Bb2 b4 48.Bxa4 bxa3 49.Ba1 a2 50.Be8 Bc4  0-1

[Event "IBM"]
[Site "Amsterdam"]
[Date "1978.??.??"]
[Round "6"]
[White "Ribli, Zoltan"]
[Black "Langeweg, Kick"]
[Result "1-0"]
[WhiteElo "2585"]
[BlackElo "2450"]

1.d4 Nf6 2.c4 e6 3.Nf3 Bb4+ 4.Nc3 c5 5.g3 cxd4 6.Nxd4 Ne4 7.Qd3 Qa5 8.Nb3 Qf5
9.Qe3 Na6 10.Bg2 Nxc3 11.bxc3 Be7 12.O-O O-O 13.c5 d5 14.cxd6 Bxd6 15.Rd1 Be7
16.Be4 Qb5 17.Rb1 Rb8 18.Bd3 Qa4 19.Qxa7 Bc5 20.Nxc5 Qxd1+ 21.Kg2 Nxc5 22.Qxc5 b6
23.Qxf8+  1-0

[Event "Bogota"]
[Site "Bogota"]
[Date "1978.??.??"]
[Round "?"]
[White "Hernandez, Roman"]
[Black "Sigurjonsson, Gudmundur"]
[Result "0-1"]
[WhiteElo "2465"]
[BlackElo "2500"]

1.c4 Nf6 2.Nc3 e6 3.Nf3 Bb4 4.d4 c5 5.e3 d5 6.Bd3 O-O 7.O-O Nc6 8.a3 Bxc3
9.bxc3 Qc7 10.Re1 dxc4 11.Bxc4 e5 12.d5 e4 13.dxc6 exf3 14.Qxf3 Bg4 15.Qg3 Qxc6
16.e4 Be6 17.Bd3 Rad8 18.Bg5 Nh5 19.Qe3 f6 20.Bh4 Nf4 21.Bf1 Ng6 22.Bg3 b6
23.f4 Bb3 24.h4 Rfe8 25.h5 Ne7 26.Bf2 Qa4 27.Qg3 h6 28.Qg4 Kh8 29.Bh4 Rd7
30.e5 f5 31.Qg3 Nd5 32.c4 Bxc4 33.Bf6 gxf6 34.Qg6 Bxf1 35.Qxh6+ Kg8 36.exf6 Qd4+  0-1

[Event "HUN-ch"]
[Site "Budapest"]
[Date "1978.??.??"]
[Round "?"]
[White "Farago, Ivan"]
[Black "Eperjesi, Laszlo"]
[Result "1-0"]
[WhiteElo "2510"]
[BlackElo "2395"]

1.d4 Nf6 2.c4 e6 3.Nc3 Bb4 4.Nf3 c5 5.e3 d6 6.Bd3 Bxc3+ 7.bxc3 Nc6 8.O-O e5
9.Nd2 O-O 10.d5 Ne7 11.f3 Bf5 12.e4 Bd7 13.Qc2 Ng6 14.g3 Nh5 15.Rf2 a6 16.Nf1 b5
17.Ne3 Rb8 18.Bd2 Qc7 19.Nf5 Bxf5 20.exf5 Ne7 21.g4 Nf6 22.g5 Nh5 23.f4 bxc4
24.Bxc4 Qd7 25.fxe5 dxe5 26.Re1 g6 27.Be2 Nf4 28.Bg4 gxf5 29.Rxe5 fxg4 30.Bxf4 Ng6
31.Rf5 Rb2 32.Qxb2 Qxf5 33.Bd6 Qxd5 34.Bxf8 Kxf8 35.Qd2 Qc4 36.Qd1 Nh4 37.Qd8+ Kg7
38.Qf6+ Kg8 39.Rb2 Nf3+ 40.Kf2  1-0

[Event "HUN-ch"]
[Site "Budapest"]
[Date "1978.??.??"]
[Round "?"]
[White "Farago, Ivan"]
[Black "Tompa, Janos"]
[Result "1/2-1/2"]
[WhiteElo "2510"]
[BlackElo "2400"]

1.d4 Nf6 2.c4 e6 3.Nc3 Bb4 4.Nf3 c5 5.g3 Ne4 6.Qd3 cxd4 7.Nxd4 Bxc3+ 8.bxc3 Nc5
9.Qd2 b6 10.Nb5 O-O 11.Nd6 Ba6 12.Bg2 Nc6 13.Ba3 Rb8 14.O-O Na5 15.Qd4 Qc7
16.Rfd1 Nc6 17.Qe3 Na5 18.Rd4 Nab7 19.Nb5 Bxb5 20.cxb5 d5 21.c4 Nd6 22.cxd5 Nxb5
23.Bxc5 Qxc5 24.Rd3 Qxe3 25.Rxe3 exd5 26.Bxd5 Rbe8 27.Rxe8 Rxe8 28.Bc6 Re5
29.Rd1 g6 30.Rd7 Nc3 31.Rxa7 Nxe2+ 32.Kf1 Nd4 33.Ba4 b5 34.Rd7 bxa4 35.Rxd4 a3
36.Ra4 Rb5 37.Rxa3 Rb2 38.h4 h5 39.Kg2 Kg7 40.Ra7 Rc2 41.Kf3 Rb2  1/2-1/2

[Event "HUN-ch"]
[Site "Budapest"]
[Date "1978.??.??"]
[Round "?"]
[White "Farago, Ivan"]
[Black "Dely, Peter"]
[Result "1/2-1/2"]
[WhiteElo "2510"]
[BlackElo "2445"]

1.d4 Nf6 2.c4 e6 3.Nc3 Bb4 4.Nf3 c5 5.g3 Nc6 6.dxc5 Ne4 7.Qc2 Nxc3 8.bxc3 Bxc5
9.Bg2 b6 10.O-O Bb7 11.Rd1 Qc8 12.Bf4 f6 13.Qd3 Na5 14.Nd2 Bxg2 15.Kxg2 e5
16.Be3 Bxe3 17.Qxe3 Nxc4 18.Nxc4 Qxc4 19.Rd6 O-O 20.Qd3 Qxd3 21.Rxd3  1/2-1/2

[Event "Buenos Aires ol (Men)"]
[Site "Buenos Aires"]
[Date "1978.??.??"]
[Round "?"]
[White "Lombardy, William James"]
[Black "Csom, Istvan"]
[Result "1/2-1/2"]
[WhiteElo "2540"]
[BlackElo "2510"]

1.d4 Nf6 2.c4 e6 3.Nc3 Bb4 4.Nf3 c5 5.g3 cxd4 6.Nxd4 Qc7 7.Qd3 a6 8.Bg2 Nc6
9.Bf4 e5 10.Nxc6 dxc6 11.Bg5 Be6 12.O-O Be7 13.b3 O-O 14.Rad1  1/2-1/2

[Event "Buenos Aires ol (Men)"]
[Site "Buenos Aires"]
[Date "1978.??.??"]
[Round "?"]
[White "Lombardy, William James"]
[Black "Coudari, Camille"]
[Result "1/2-1/2"]
[WhiteElo "2540"]
[BlackElo "2285"]

1.d4 Nf6 2.c4 e6 3.Nc3 Bb4 4.Nf3 b6 5.Bg5 O-O 6.e3 Re8 7.Qc2 Nc6 8.Bd3 h6
9.Bh4 e5 10.dxe5 Nxe5 11.Nxe5 Rxe5 12.O-O Bxc3 13.Qxc3 d6 14.e4 Re8 15.f4 Qe7
16.Rae1 Bb7 17.Re3 Qe6 18.f5 Qe5 19.Bxf6 Qxf6 20.Qxf6 gxf6 21.Rf4 Kh7 22.Rh3 Rh8
23.Kf2 Rae8 24.Rfh4 Kg7 25.Kf3 Re5 26.Kf4 Ree8 27.Rg4+  1/2-1/2

[Event "URS-ch sf"]
[Site "Daugavpils"]
[Date "1978.??.??"]
[Round "?"]
[White "Zlotnik, Boris A"]
[Black "Vaisser, Anatoli"]
[Result "0-1"]
[WhiteElo "2430"]
[BlackElo "2385"]

1.d4 Nf6 2.c4 e6 3.Nc3 Bb4 4.Nf3 c5 5.Bg5 cxd4 6.Nxd4 h6 7.Bd2 O-O 8.g3 d5
9.cxd5 exd5 10.Bg2 Nc6 11.Nxc6 bxc6 12.O-O Qe7 13.Re1 Bf5 14.Qa4 Rab8 15.Bf4 d4
16.e4 dxc3 17.Re3 cxb2 18.Rb1 Bd2 19.exf5 Bxe3 20.Bxe3 Nd5 21.Bd2 Qc5 22.f6 Nxf6
23.Bf4 Nd5 24.Bxb8 Qc1+ 25.Qd1 Qxd1+  0-1

[Event "URS-ch sf"]
[Site "Daugavpils"]
[Date "1978.??.??"]
[Round "?"]
[White "Zlotnik, Boris A"]
[Black "Eingorn, Vereslav S"]
[Result "1-0"]
[WhiteElo "2430"]
[BlackElo "2270"]

1.d4 Nf6 2.c4 e6 3.Nc3 Bb4 4.Nf3 d5 5.e3 O-O 6.Bd3 c5 7.O-O dxc4 8.Bxc4 b6
9.a3 Bxc3 10.bxc3 Bb7 11.Qe2 Qc7 12.Bb2 Nbd7 13.Bd3 Be4 14.Bxe4 Nxe4 15.c4 Qb7
16.Rfd1 cxd4 17.exd4 Nef6 18.d5 exd5 19.cxd5 Rac8 20.Nh4 Rfe8 21.Qf3 Rc2
22.Bxf6 Nxf6 23.Nf5 Qd7 24.Qf4 Re4 25.Qg5 Ne8 26.Ne3 Rc5 27.Rd3 Nd6 28.Rad1 h6
29.Qh5 Qe7 30.h3 Qf6 31.Qe2 Re8 32.Qg4 g6 33.Qa4 Re7 34.Ng4 Qh4 35.Qf4 Nf5
36.g3 Qxh3 37.d6 Re8 38.Nf6+  1-0

[Event "DSV-Turnier"]
[Site "Halle"]
[Date "1978.??.??"]
[Round "5"]
[White "Farago, Ivan"]
[Black "Meduna, Eduard"]
[Result "1-0"]
[WhiteElo "2510"]
[BlackElo "2435"]

1.d4 Nf6 2.c4 e6 3.Nc3 Bb4 4.Nf3 c5 5.g3 cxd4 6.Nxd4 Ne4 7.Qd3 Nc5 8.Qe3 Nc6
9.Bg2 Na4 10.O-O Bc5 11.Nxa4 Bxd4 12.Qa3 Qe7 13.Qxe7+ Kxe7 14.Rd1 Rd8 15.Bf4 e5
16.Bd2 d6 17.Bxc6 bxc6 18.Ba5 Bb6 19.Bxb6 axb6 20.Nxb6 Ra6 21.Nxc8+ Rxc8
22.Rd2 Rb8 23.Kf1 Rb4 24.b3 Rxb3 25.Rad1 Rb7 26.Rxd6 Rc7 27.Rd8 Rxa2 28.Rh8 h6
29.Rh7 Kf8 30.Rd8+ Ke7 31.Rg8 Rd7 32.Rgxg7 Kf8 33.Rg4 Rd1+ 34.Kg2 Rxe2 35.Rxh6 Ke7
36.Rg5 Rd6 37.Rxd6 Kxd6 38.h4 Ra2 39.Rg8 f6 40.h5 Ra7 41.Rg6 Ke6 42.g4 Kf7
43.g5 fxg5 44.Rxc6 Ra3 45.Rc7+ Kg8 46.c5 Rc3 47.c6 e4 48.h6 Kh8 49.Kf1 Rc2
50.Ke1 Rc1+ 51.Kd2 Rc5 52.Ke3 Rc4 53.h7 g4 54.Kf4 e3+ 55.Kxe3 g3 56.Rc8+ Kxh7
57.fxg3 Kg7 58.Kd3 Rc1 59.Kd4 Kf7 60.Kd5 Kf6 61.Rh8  1-0

[Event "DSV-Turnier"]
[Site "Halle"]
[Date "1978.??.??"]
[Round "8"]
[White "Farago, Ivan"]
[Black "Malich, Burkhard"]
[Result "1/2-1/2"]
[WhiteElo "2510"]
[BlackElo "2535"]

1.d4 Nf6 2.c4 e6 3.Nc3 Bb4 4.Nf3 b6 5.e3 Bb7 6.Bd3 O-O 7.O-O Bxc3 8.bxc3 d6
9.Re1 Nbd7 10.e4 e5 11.Nd2 Re8 12.f3 Nf8 13.Nf1 Ne6 14.Bc2 Nh5 15.g3 g6 16.Ba4  1/2-1/2

[Event "DSV-Turnier"]
[Site "Halle"]
[Date "1978.??.??"]
[Round "12"]
[White "Farago, Ivan"]
[Black "Kholmov, Ratmir D"]
[Result "1/2-1/2"]
[WhiteElo "2510"]
[BlackElo "2550"]

1.d4 Nf6 2.c4 e6 3.Nc3 Bb4 4.Nf3 c5 5.g3 d5 6.cxd5 Nxd5 7.Bd2 cxd4 8.Nxd5 Bxd2+
9.Qxd2 Qxd5 10.Qxd4 Qxd4 11.Nxd4 Bd7 12.Bg2 Nc6 13.O-O-O Nxd4 14.Rxd4 Rc8+
15.Kb1 Rc7 16.Rc1 Rxc1+ 17.Kxc1 b6 18.Rc4 Ke7 19.Kd2 Rc8 20.Rc3 Rxc3 21.Kxc3  1/2-1/2

[Event "Rubinstein mem"]
[Site "Polanica Zdroj"]
[Date "1978.??.??"]
[Round "13"]
[White "Farago, Ivan"]
[Black "Knezevic, Milorad"]
[Result "1/2-1/2"]
[WhiteElo "2510"]
[BlackElo "2505"]

1.d4 Nf6 2.c4 e6 3.Nc3 Bb4 4.Nf3 O-O 5.e3 Nc6 6.Bd3 d5 7.O-O a6 8.h3 h6 9.a3 dxc4
10.Bxc4 Bd6 11.e4 e5 12.Be3 b5 13.Ba2 Bb7 14.Re1 exd4 15.Bxd4 Nxd4 16.Qxd4 Nh7
17.Qe3 Re8 18.e5 Bxf3 19.Bxf7+ Kxf7 20.Qxf3+ Kg8 21.Rad1 Ng5 22.Qd5+ Nf7
23.exd6 Qxd6 24.Rxe8+ Rxe8 25.Qxd6 Nxd6 26.Nd5 c5 27.Nc7 Rc8 28.Nxa6 Nc4
29.b4 Nxa3 30.Nxc5 Nc2 31.Rd7 Nxb4 32.Ne6 g5 33.Rg7+ Kh8 34.Rb7 Nd3 35.Rxb5 Rc1+
36.Kh2 Nxf2 37.Kg3 Ne4+  1/2-1/2

[Event "Snekkersten"]
[Site "Snekkersten"]
[Date "1978.??.??"]
[Round "1"]
[White "Hansen, Po"]
[Black "Grumme, H."]
[Result "1-0"]
[WhiteElo "2200"]
[BlackElo "2200"]

1.d4 Nf6 2.c4 e6 3.Nc3 Bb4 4.Nf3 b6 5.Bg5 Bb7 6.e3 h6 7.Bh4 O-O 8.Be2 d6
9.O-O Bxc3 10.bxc3 Nbd7 11.Nd2 Re8 12.f4 Qc8 13.Qc2 c5 14.e4 cxd4 15.cxd4 e5
16.fxe5 dxe5 17.d5 Qc7 18.Rac1 Rac8 19.Qb3 Qd6 20.Qe3 Qc5 21.Qxc5 Rxc5 22.Nb3 Rc7
23.c5 bxc5 24.d6 Rc6 25.Bxf6 gxf6 26.Bb5 Rxd6 27.Rfd1 Rxd1+ 28.Rxd1 c4 29.Bxd7 Rd8
30.Nc5 c3 31.Bg4 Rd4 32.Nxb7 Rxe4 33.Bf3 c2 34.Rc1 Rc4 35.Nd6 Rd4 36.Nf5 Rf4
37.Nxh6+ Kh7 38.Nf5 Rxf5 39.Be4  1-0

[Event "IBM"]
[Site "Amsterdam"]
[Date "1979.??.??"]
[Round "1"]
[White "Farago, Ivan"]
[Black "Ligterink, Gert"]
[Result "1/2-1/2"]
[WhiteElo "2510"]
[BlackElo "2440"]

1.d4 Nf6 2.c4 e6 3.Nc3 Bb4 4.Nf3 c5 5.g3 O-O 6.Bg2 d5 7.cxd5 cxd4 8.Nxd4 Nxd5
9.Bd2 Nxc3 10.bxc3 Bc5 11.Nb3 Bb6 12.c4 Nc6 13.O-O e5 14.Bc3 Qe7 15.Qc2 Be6
16.Bd5 Rac8 17.Qb2 Rfd8 18.Rad1 Bh3 19.Rfe1 Qf6 20.c5 Bc7 21.Rd2 b5 22.Bh1 b4
23.Rxd8+ Rxd8 24.Bd2 a5 25.Be3 Qe6 26.Nd2 f6 27.a3 Rb8 28.axb4 Nxb4 29.Qc3 Nd5
30.Bxd5 Qxd5 31.f3 Be6 32.Ra1 Rb4 33.Kg2 Qc6 34.Ra3 h5 35.Kf2 h4 36.Nb3 Qb5
37.Nxa5 hxg3+ 38.hxg3 Rb2 39.Bd2 Rxd2 40.Qxd2 Qxc5+ 41.Qe3 Bb6 42.Nc4 Bxc4
43.Ra8+ Kf7 44.Qxc5 Bxc5+ 45.e3 Ke7 46.g4 Kd6 47.Rh8 g6 48.Rf8 Ke6 49.Rg8 Bd3
50.Rc8 Kd5 51.Rd8+ Kc4 52.Rc8 Kb4 53.Re8 Bc4 54.Rb8+ Bb5 55.Rg8 Bd3 56.Rb8+ Kc4
57.Re8 Kd5 58.Rd8+ Bd6 59.e4+ Ke6 60.Kg2 Bb5 61.Rc8 Bd7 62.Rg8 Kf7 63.Rd8 Ke7
64.Rg8 Be8 65.Rg7+ Bf7 66.Rh7 Bc5 67.Rg7 Be3 68.Rh7 Ke6 69.Rg7 Be8 70.Rg8 Bc6
71.Rg7 g5 72.Rg6 Bb5 73.Rh6 Bf4 74.Kf2 Kd6 75.Rxf6+ Kc5 76.Rf8 Kd4 77.Rd8+ Kc3
78.Ra8 Bc4 79.Rd8 Bd3 80.Ra8 Kd2 81.Ra2+ Bc2 82.Ra3 Bb1 83.Rb3 Bd3 84.Rb2+ Bc2
85.Ra2 Be3+ 86.Kg2 Bd4 87.Kg3 Kd1 88.Kg2 Bd3 89.Ra3 Be2 90.Rb3 Kd2 91.Rb8 Ke1
92.Rb1+ Kd2 93.Rb8 Bd3 94.Rc8 Kd1 95.Rc7  1/2-1/2

[Event "IBM"]
[Site "Amsterdam"]
[Date "1979.??.??"]
[Round "3"]
[White "Farago, Ivan"]
[Black "Stean, Michael"]
[Result "1/2-1/2"]
[WhiteElo "2510"]
[BlackElo "2540"]

1.d4 Nf6 2.c4 e6 3.Nc3 Bb4 4.Nf3 c5 5.e3 O-O 6.Bd3 d5 7.O-O dxc4 8.Bxc4 Nbd7
9.a3 cxd4 10.axb4 dxc3 11.bxc3 Qc7 12.Qe2 b6 13.Bb2 Bb7 14.Ba6 Rfc8 15.Rfc1 Bxa6
16.Rxa6 Qb7 17.Rca1 Nd5 18.Qd3 Qc7 19.h3 h6 20.R6a3 a5 21.Qd4 N5f6 22.c4  1/2-1/2

[Event "HUN-ch"]
[Site "Budapest"]
[Date "1979.??.??"]
[Round "1"]
[White "Farago, Ivan"]
[Black "Csom, Istvan"]
[Result "1/2-1/2"]
[WhiteElo "2510"]
[BlackElo "2510"]

1.d4 Nf6 2.c4 e6 3.Nc3 Bb4 4.Nf3 c5 5.e3 Nc6 6.Bd3 Bxc3+ 7.bxc3 d6 8.O-O e5
9.Nd2 O-O 10.d5 Ne7 11.f3 Ng6 12.g3 Ne8 13.e4 Bh3 14.Rf2 Rc8 15.f4 exf4 16.gxf4 f5
17.Qf3 Qh4 18.Qg3 Qxg3+ 19.hxg3 Nf6 20.Ba3 fxe4 21.Nxe4 Nxe4 22.Bxe4 Bg4
23.Re1 Rce8 24.Rff1 Ne7 25.Bc1 Nf5 26.Kf2 h5 27.Bc2 Kf7 28.Ba4 Re7 29.Bd2 Kf6
30.Rh1 Rff7 31.Bc2 Rxe1 32.Rxe1 Re7 33.Be3 Kf7 34.Bb1 g6 35.Bc2 Ke8 36.Bd3 Kf8
37.Bc2 Kf7 38.Bb1 Nh6 39.f5 Nxf5 40.Bf4 Rxe1 41.Kxe1 Ke7 42.Bc2 Kd7 43.Kd2 Kc7
44.a3 Bh3 45.Bxf5 gxf5 46.Kc2 Bg4 47.a4 a6 48.Kb3 Bf3 49.Bg5  1/2-1/2

[Event "HUN-ch"]
[Site "Budapest"]
[Date "1979.??.??"]
[Round "1"]
[White "Pinter, Jozsef"]
[Black "Rigo, Janos"]
[Result "1-0"]
[WhiteElo "2445"]
[BlackElo "2385"]

1.d4 Nf6 2.c4 e6 3.Nc3 Bb4 4.Nf3 c5 5.e3 d5 6.Bd3 Nc6 7.O-O O-O 8.a3 Bxc3
9.bxc3 dxc4 10.Bxc4 Qc7 11.Ba2 b6 12.Qe2 Bb7 13.Bb2 Rac8 14.Rac1 e5 15.e4 exd4
16.cxd4 cxd4 17.e5 Qe7 18.Rfe1 Nh5 19.Qd2 Kh8 20.e6 fxe6 21.Bxe6 Rcd8 22.Bg4 Qf7
23.Rxc6 Bxc6 24.Ne5 Qf4 25.Qxf4 Nxf4 26.Nxc6 Rde8 27.Rd1 Rf6 28.Nb4 h5 29.Bf3 Rfe6
30.Kf1 a5 31.Nc2 d3 32.Ne3 h4 33.g3 Nh3 34.Rxd3 Rf8 35.Kg2 Ng5 36.Bg4 h3+
37.Kf1 Re7 38.Nd5 Ref7 39.Nf4 Rb8 40.Rd5 Nh7  1-0

[Event "HUN-ch"]
[Site "Budapest"]
[Date "1979.??.??"]
[Round "3"]
[White "Pinter, Jozsef"]
[Black "Vadasz, Laszlo"]
[Result "1/2-1/2"]
[WhiteElo "2445"]
[BlackElo "2490"]

1.d4 Nf6 2.c4 e6 3.Nc3 Bb4 4.Nf3 c5 5.g3 Ne4 6.Qd3 Qa5 7.Qxe4 Bxc3+ 8.Bd2 Bxd2+
9.Nxd2 Qb6 10.O-O-O cxd4 11.Nb3 Nc6 12.c5 Qb4 13.Qc2 d5 14.a3 Qa4 15.Nxd4 Qxc2+
16.Nxc2 a5 17.b3 Bd7 18.Bg2 Ke7 19.e4 dxe4 20.Bxe4 Rhd8 21.Rd6 Be8 22.Rhd1 Rxd6
23.Rxd6 Rc8 24.f4 h6 25.Kb2 g5 26.b4 axb4 27.axb4 gxf4 28.gxf4 Bd7 29.Rd3 h5
30.Kb3 Rg8 31.Rg3 Rg4 32.Rxg4 hxg4 33.Kc4 Nd8 34.b5 f5 35.Bd3 Kf6 36.Kd4 Nf7
37.c6 bxc6 38.b6 Bc8 39.Nb4 e5+ 40.Ke3 exf4+ 41.Kxf4 Ne5 42.Bxf5  1/2-1/2

[Event "HUN-ch"]
[Site "Budapest"]
[Date "1979.??.??"]
[Round "6"]
[White "Lukacs, Peter"]
[Black "Petran, Pal"]
[Result "1-0"]
[WhiteElo "2420"]
[BlackElo "2410"]

1.d4 Nf6 2.c4 e6 3.Nc3 Bb4 4.Nf3 Bxc3+ 5.bxc3 b6 6.Bg5 Bb7 7.Nd2 d6 8.f3 e5
9.e4 Nbd7 10.Be2 Nf8 11.c5 Ne6 12.Be3 exd4 13.cxd4 d5 14.e5 Nd7 15.c6 Bxc6
16.f4 g6 17.Qc2 Bb7 18.f5 Ng5 19.Bd3 O-O 20.O-O c5 21.e6 fxe6 22.fxg6 cxd4  1-0

[Event "HUN-ch"]
[Site "Budapest"]
[Date "1979.??.??"]
[Round "7"]
[White "Farago, Ivan"]
[Black "Vadasz, Laszlo"]
[Result "1/2-1/2"]
[WhiteElo "2510"]
[BlackElo "2490"]

1.d4 Nf6 2.c4 e6 3.Nc3 Bb4 4.Nf3 c5 5.g3 Ne4 6.Qd3 Qa5 7.Qxe4 Bxc3+ 8.Bd2 Bxd2+
9.Nxd2 Qb6 10.dxc5 Qxb2 11.Rb1 Qc3 12.Qd3 Qxd3 13.exd3 Nc6 14.Bg2 b6 15.cxb6 axb6
16.Bxc6 dxc6 17.Rxb6 Rxa2 18.Ke2 Kd7 19.Ke3 Kc7 20.Rhb1 e5 21.c5 Rd8 22.Ne4 Rd4
23.Nd6 Ra3 24.R1b3 Rxb3 25.Rxb3 Ra4 26.Rb2 f6 27.Rb6 Ra5 28.Nxc8 Kxc8 29.Rxc6+ Kd7
30.Rd6+ Kc7 31.Rd5 Ra2 32.h4 h5 33.f4 Kc6 34.Rd6+ Kxc5 35.fxe5 fxe5 36.Rg6 Kd5
37.Rxg7 Ra1 38.Rg5 Rg1 39.d4 Re1+ 40.Kf2 Re4 41.dxe5 Rxe5 42.Kf3 Rxg5 43.hxg5 Ke5
44.g4 h4  1/2-1/2

[Event "HUN-ch"]
[Site "Budapest"]
[Date "1979.??.??"]
[Round "13"]
[White "Lukacs, Peter"]
[Black "Rigo, Janos"]
[Result "1/2-1/2"]
[WhiteElo "2420"]
[BlackElo "2385"]

1.d4 Nf6 2.c4 e6 3.Nc3 Bb4 4.Nf3 b6 5.Bg5 h6 6.Bh4 Bb7 7.e3 c5 8.Bd3 cxd4
9.exd4 Bxf3 10.Qxf3 Nc6 11.Qe3 g5 12.Bg3 Ng4 13.Qe2 Nf6 14.d5 Nd4 15.Qe5 d6
16.Qe3 Bc5  1/2-1/2

[Event "Dubna"]
[Site "Dubna"]
[Date "1979.??.??"]
[Round "?"]
[White "Farago, Ivan"]
[Black "Plachetka, Jan"]
[Result "1/2-1/2"]
[WhiteElo "2510"]
[BlackElo "2445"]

1.d4 Nf6 2.c4 e6 3.Nc3 Bb4 4.Nf3 O-O 5.Bg5 h6 6.Bh4 c5 7.e3 cxd4 8.exd4 Qa5
9.Bd3 Bxc3+ 10.bxc3 Qxc3+ 11.Kf1 d6 12.Bxf6 gxf6 13.Rb1 Bd7 14.Rxb7 Ba4 15.Qe2 Qc1+
16.Qe1 Qxe1+ 17.Kxe1 Rc8 18.Kd2 Bc6 19.Rbb1 Bxf3 20.gxf3 Nc6 21.Be4 f5 22.Bxc6 Rxc6
23.Kd3 Rac8 24.Rhc1  1/2-1/2

[Event "Kecskemet"]
[Site "Kecskemet"]
[Date "1979.??.??"]
[Round "4"]
[White "Lukacs, Peter"]
[Black "Eperjesi, Laszlo"]
[Result "1-0"]
[WhiteElo "2420"]
[BlackElo "2350"]

1.d4 Nf6 2.c4 e6 3.Nc3 Bb4 4.Nf3 O-O 5.Bg5 h6 6.Bh4 b6 7.e3 Bb7 8.Bd3 c5
9.O-O cxd4 10.exd4 Be7 11.Re1 d6 12.Rc1 Nbd7 13.h3 Re8 14.Bg3 a6 15.a3 Bf8
16.b4 g6 17.Bh2 Nh7 18.Be4 Bxe4 19.Nxe4 Ndf6 20.Ned2 a5 21.Qb3 axb4 22.axb4 Nd7
23.Ne4 d5 24.cxd5 exd5 25.Qxd5 Bxb4 26.Bc7 Ra5 27.Qb3 Qa8 28.Qxb4 Rxe4 29.Rxe4 Qxe4
30.Bxb6 Ra2 31.Bc7 Nhf6 32.Qc4 Re2 33.Be5 Kg7 34.Qb3 Nxe5 35.dxe5 Nd7 36.Rc4 Qf5
37.Qc3 Nxe5 38.Kf1 Qe6 39.Rc5 Qa6 40.Kg1 f6 41.Nd4  1-0

[Event "Lodz"]
[Site "Lodz"]
[Date "1979.??.??"]
[Round "1"]
[White "Lukacs, Peter"]
[Black "Inkiov, Ventzislav"]
[Result "1/2-1/2"]
[WhiteElo "2420"]
[BlackElo "2460"]

1.d4 Nf6 2.c4 e6 3.Nc3 Bb4 4.Nf3 b6 5.Bg5 Bb7 6.e3 h6 7.Bh4 O-O 8.Bd3 Be7
9.O-O d6 10.Rc1 Nbd7 11.Ne2 c5  1/2-1/2

[Event "Lodz"]
[Site "Lodz"]
[Date "1979.??.??"]
[Round "13"]
[White "Farago, Ivan"]
[Black "Boensch, Uwe"]
[Result "1/2-1/2"]
[WhiteElo "2510"]
[BlackElo "2460"]

1.d4 Nf6 2.c4 e6 3.Nc3 Bb4 4.Nf3 b6 5.Bg5 h6 6.Bh4 Bb7 7.e3 O-O 8.Bd3 d6
9.O-O Bxc3 10.bxc3 Nbd7 11.Nd2 e5 12.Bf5 Qe8 13.Qb3 g6 14.Bc2 Qe6 15.Rae1  1/2-1/2

[Event "Lodz"]
[Site "Lodz"]
[Date "1979.??.??"]
[Round "15"]
[White "Farago, Ivan"]
[Black "Luczak, Andrzej"]
[Result "1/2-1/2"]
[WhiteElo "2510"]
[BlackElo "2440"]

1.d4 Nf6 2.c4 e6 3.Nc3 Bb4 4.Nf3 c5 5.g3 b6 6.Bg2 Bb7 7.O-O Bxc3 8.bxc3 d6
9.d5 O-O 10.Nh4 Qc7 11.Bg5 Nbd7 12.dxe6 fxe6 13.Bxb7 Qxb7 14.Bxf6 Nxf6 15.Qxd6 Qe4
16.Ng2 Rad8 17.Qf4 Qxe2 18.Rfe1 Qd3 19.Qe5 Qxc4 20.Qxe6+ Qxe6 21.Rxe6 Rd2
22.Ne3 Kf7 23.Rc6 Rfd8 24.Nc4 Re2 25.a4 Re6  1/2-1/2

[Event "Marshall op"]
[Site "New York"]
[Date "1979.??.??"]
[Round "5"]
[White "Diesen, Mark C"]
[Black "Adam, W."]
[Result "1/2-1/2"]
[WhiteElo "2460"]
[BlackElo "2200"]

1.d4 Nf6 2.c4 e6 3.Nc3 Bb4 4.Nf3 b6 5.Bg5 Bb7 6.e3 O-O 7.Bd3 d5 8.cxd5 exd5
9.O-O Bxc3 10.bxc3 Qd6 11.Bf4 Qe7 12.Qc2 Ne4 13.c4 dxc4 14.Bxc4 Nd7 15.Bd3 c5
16.Ne5 Nxe5 17.Bxe5 Nf6 18.Bxf6 Qxf6 19.Bxh7+ Kh8 20.Be4 Bxe4 21.Qxe4 Rfe8
22.Qg4 cxd4 23.exd4 Rad8 24.Rad1 Rd5 25.Rd3 Kg8 26.Rc1 Qc6 27.Qd1 Qd7 28.h3 Rd8
29.Rc4 b5 30.Rb4 a5 31.Rbb3 b4  1/2-1/2

[Event "Rubinstein mem"]
[Site "Polanica Zdroj"]
[Date "1979.??.??"]
[Round "2"]
[White "Farago, Ivan"]
[Black "Kruszynski, Wlodzimierz"]
[Result "1-0"]
[WhiteElo "2510"]
[BlackElo "2285"]

1.d4 Nf6 2.c4 e6 3.Nc3 Bb4 4.Nf3 c5 5.g3 cxd4 6.Nxd4 Ne4 7.Qd3 Qa5 8.Nb3 Nxc3
9.Bd2 Ne4 10.Qxe4 Bxd2+ 11.Nxd2 O-O 12.Bg2 Nc6 13.Qe3 d5 14.O-O d4 15.Qd3 e5
16.a3 Be6 17.b4 Qc7 18.f4 exf4 19.gxf4 f6 20.Nb3 Rad8 21.Rac1 Bf7 22.b5 Bg6
23.Qf3 Na5 24.Nxa5 Qxa5 25.Qxb7 Qxa3 26.Kh1 Qe3 27.Qf3 Qd2 28.f5 Bf7 29.Qd3 Qb4
30.c5 Rfe8 31.Rfd1 Qa5 32.c6 Qc7 33.Qg3 Re5 34.Rc5 Qd6 35.Rxe5 fxe5 36.Ra1 Qc5
37.f6 Bg6 38.Qa3 Qxa3 39.Rxa3 e4 40.c7 Rc8 41.Rxa7 d3 42.exd3 exd3 43.b6 d2
44.Ra1  1-0